|
|
|
|
| LEADER |
00000naa2a2200000 4500 |
| 001 |
633685 |
| 005 |
20241211093328.0 |
| 035 |
|
|
|a (RuTPU)RU\TPU\conf\35433
|
| 035 |
|
|
|a RU\TPU\conf\35428
|
| 090 |
|
|
|a 633685
|
| 100 |
|
|
|a 20211014d2021 k y0rusy50 ca
|
| 101 |
0 |
|
|a rus
|
| 102 |
|
|
|a RU
|
| 105 |
|
|
|a y z 100zy
|
| 135 |
|
|
|a drcn ---uucaa
|
| 181 |
|
0 |
|a i
|
| 182 |
|
0 |
|a b
|
| 200 |
1 |
|
|a Влияние карбонатных добавок на прочность цементного камня
|f Е. А. Сударев, Е. В. Киричук, М. Д. Коренкова
|g науч. рук. Н. А. Митина
|
| 203 |
|
|
|a Текст
|c электронный
|
| 225 |
1 |
|
|a Комплексное использование минерального сырья
|
| 300 |
|
|
|a Заглавие с экрана
|
| 320 |
|
|
|a [Библиогр.: с. 326 (6 назв.)]
|
| 461 |
|
1 |
|0 (RuTPU)RU\TPU\conf\35202
|t Проблемы геологии и освоения недр
|l Problems of Geology and Subsurface Development
|o труды XXV Международного симпозиума имени академика М. А. Усова студентов и молодых учёных, посвященного 120-летию горногеологического образования в Сибири, 125-летию со дня основания Томского политехнического университета, Томск, 5-9 апреля 2021 г.
|o в 2 т.
|f Национальный исследовательский Томский политехнический университет, Инженерная школа природных ресурсов ; гл. ред. Н. В. Гусева ; под ред. Е. Ю. Пасечник
|d 2021
|
| 463 |
|
1 |
|0 (RuTPU)RU\TPU\conf\35204
|t Т. 2
|v [С. 324-326]
|d 2021
|
| 610 |
1 |
|
|a труды учёных ТПУ
|
| 610 |
1 |
|
|a электронный ресурс
|
| 610 |
1 |
|
|a карбонатные добавки
|
| 610 |
1 |
|
|a прочность
|
| 610 |
1 |
|
|a твердение
|
| 610 |
1 |
|
|a цемент
|
| 610 |
1 |
|
|a гидратация
|
| 700 |
|
1 |
|a Сударев
|b Е. А.
|g Евгений Александрович
|f 1986-
|c химик-технолог
|c доцент Томского политехнического университета, кандидат технических наук
|y Томск
|3 (RuTPU)RU\TPU\pers\29531
|9 14067
|
| 701 |
|
1 |
|a Киричук
|b Е. В.
|
| 701 |
|
1 |
|a Коренкова
|b М. Д.
|
| 702 |
|
1 |
|a Митина
|b Н. А.
|c химик-технолог
|c доцент Томского политехнического университета, кандидат технических наук
|f 1974-
|g Наталия Александровна
|4 727
|
| 712 |
0 |
2 |
|a Национальный исследовательский Томский политехнический университет
|b Инженерная школа новых производственных технологий
|b Научно-образовательный центр Н. М. Кижнера
|3 (RuTPU)RU\TPU\col\23556
|
| 801 |
|
2 |
|a RU
|b 63413507
|c 20211029
|g RCR
|
| 856 |
4 |
|
|u http://earchive.tpu.ru/handle/11683/68646
|
| 942 |
|
|
|c BK
|